La Seguridad electoral y el fortalecimiento de los sistemas electorales /

সংরক্ষণ করুন:
গ্রন্থ-পঞ্জীর বিবরন
প্রধান লেখক: Araya Montezuma, Andrés
বিন্যাস: পাঠ‍্য
ট্যাগগুলো: ট্যাগ যুক্ত করুন
কোনো ট্যাগ নেই, প্রথমজন হিসাবে ট্যাগ করুন!

MARC

LEADER 00000 a a2200000 04500
001 1193
003
040
100 |a Araya Montezuma, Andrés  
245 |a La Seguridad electoral y el fortalecimiento de los sistemas electorales /  |c Andrés Araya Montezuma 
773 |g volumen 1; páginas 87-94  
999 |c 31657  |d 31657